Classement du Ballon d'or 1992 - Statistiques

Statistiques générales
  • Ce quiz a été pris 50 fois
  • Le résultat moyen est 9 sur 22
Statistiques - réponses
Classement Joueur Club du joueur Nationalité % Correct
1 Marco Van Basten AC Milan Pays-Bas
95%
6 Brian Laudrup Bayern Munich / ACF Fiorentina Danemark
86%
7 Michael Laudrup FC Barcelone Danemark
86%
15 Paolo Maldini AC Milan Italie
74%
5 Peter Schmeichel Manchester United Danemark
74%
19 Jean-Pierre Papin Olympique de Marseille / AC Milan France
70%
10 Frank Rijkaard AC Milan Pays-Bas
65%
8 Ronald Koeman FC Barcelone Pays-Bas
65%
3 Dennis Bergkamp Ajax Amsterdam Pays-Bas
51%
2 Hristo Stoitchkov FC Barcelone Bulgarie
51%
20 Franco Baresi AC Milan Italie
47%
11 Enzo Scifo Torino FC Belgique
28%
9 Stéphane Chapuisat Borussia Dortmund Suisse
28%
18 Tomas Brolin Parme FC Suède
26%
13 Henrik Larsen Pisa SC Danemark
12%
17 David Platt SSC Bari / Juventus FC Angleterre
7%
22 Andreas Herzog Rapid Vienne / Werder Brême Autriche
2%
12 Flemming Povlsen Borussia Dortmund Danemark
2%
16 Henrik Andersen FC Cologne Danemark
0%
14 John Jensen Brondby IF / Arsenal FC Danemark
0%
21 Rune Bratseth Werder Brême Norvège
0%
4 Thomas Häbler AS Rome Allemagne
0%
Aucun quiz correspondant
Distribution des résultats
% des personnes avec chaque résultat
Percentile par nombre de réponses
Votre historique - résultats
Vous n’avez pas pris ce quiz